[Event "C.to Italiano Semifinale"]
[Site "Arvier ITA"]
[Date "2009.09.26"]
[Round "1"]
[White "Shytaj, Luca"]
[Black "Contin, Daniel"]
[Result "1/2-1/2"]
[WhiteElo "2481"]
[BlackElo "2291"]
[PlyCount "120"]
[EventDate "2009.09.26"]

1. e4 e6 2. Qe2 c5 3. Nf3 Nc6 4. g3 g6 5. Bg2 Bg7 6. O-O Nge7 7. c3 d6 8. d3
O-O 9. a4 e5 10. Nh4 Be6 11. Nd2 Qd7 12. Nc4 d5 13. exd5 Nxd5 14. Nf3 f6 15.
Re1 Rfe8 16. a5 Rad8 17. Nfd2 f5 18. Nf3 h6 19. Nfd2 Bf7 20. Nb3 Bf8 21. a6 b6
22. Qc2 Bg7 23. Bd2 Nc7 24. Bf1 Qc8 25. f4 Bxc4 26. dxc4 e4 27. g4 Re6 28. Kh1
Red6 29. Be3 Ne8 30. gxf5 gxf5 31. Bh3 Nf6 32. Nd2 h5 33. Nf1 Ng4 34. Bxg4 hxg4
35. Red1 Rd3 36. Rxd3 Rxd3 37. Rd1 Qd7 38. Rxd3 Qxd3 39. Qxd3 exd3 40. Kg2 Kf7
41. Kf2 Nb8 42. Ke1 Nxa6 43. Kd2 Nc7 44. Ng3 Kg6 45. Kxd3 Ne6 46. Ne2 Bf8 47.
Bf2 Bd6 48. Ke3 Ng7 49. Bg3 Nh5 50. Nc1 Kf7 51. Nd3 Nf6 52. Ne1 Ke6 53. Ng2 Bc7
54. Kd3 Nh5 55. Ke3 Nf6 56. Kd3 Ne4 57. Ne3 a5 58. Nd5 Bd8 59. Ne3 Bc7 60. Nd5
Bd8 1/2-1/2

[Event "C.to Italiano Semifinale"]
[Site "Arvier ITA"]
[Date "2009.09.26"]
[Round "1"]
[White "Vezzosi, Paolo"]
[Black "Codenotti, Marco"]
[Result "1-0"]
[WhiteElo "2381"]
[BlackElo "2122"]
[PlyCount "75"]
[EventDate "2009.09.26"]

1. d4 Nf6 2. Nf3 e6 3. Bf4 d5 4. e3 Bd6 5. Ne5 O-O 6. Nd2 c5 7. c3 Nc6 8. Bg3
Qc7 9. Nxc6 Qxc6 10. Bd3 Re8 11. Qe2 Bd7 12. O-O Bxg3 13. hxg3 e5 14. dxc5 Qxc5
15. Rfc1 Rac8 16. a4 Qb6 17. b4 a5 18. bxa5 Qxa5 19. Nb3 Qb6 20. Qa2 Ng4 21.
Kf1 Re6 22. Be2 Nxe3+ 23. fxe3 Rf6+ 24. Bf3 Qxe3 25. Qe2 Qxe2+ 26. Kxe2 e4 27.
Nd4 exf3+ 28. gxf3 Ra6 29. Rcb1 Ra7 30. Nb5 Ra6 31. Kd2 g6 32. g4 Rc4 33. a5
Rc5 34. Nd4 Bc6 35. Rb6 Rcxa5 36. Rxa6 Rxa6 37. Rxa6 bxa6 38. Nxc6 1-0

[Event "C.to Italiano Semifinale"]
[Site "Arvier ITA"]
[Date "2009.09.27"]
[Round "2"]
[White "Contin, Daniel"]
[Black "Bentivegna, Francesco"]
[Result "1-0"]
[WhiteElo "2291"]
[BlackElo "2349"]
[PlyCount "133"]
[EventDate "2009.09.26"]

1. c4 e5 2. Nc3 Nc6 3. g3 Bc5 4. Bg2 d6 5. e3 a6 6. Nge2 Ba7 7. d4 Nge7 8. O-O
O-O 9. dxe5 Nxe5 10. b3 Bg4 11. f4 N5c6 12. h3 Bxe2 13. Nxe2 Nf5 14. Qd3 Qf6
15. Bd2 Rfe8 16. Be4 Nxe3 17. Bxe3 Nb4 18. Qd2 Rxe4 19. Bxa7 Rxa7 20. Rae1 Nc6
21. Nc3 Re6 22. Nd5 Qd4+ 23. Qf2 Qxf2+ 24. Kxf2 b6 25. b4 Kf8 26. Rc1 Ne7 27.
Rc3 Rb7 28. Ne3 Rb8 29. Nd5 Rb7 30. Ra3 Ra7 31. Rc1 Nc8 32. b5 a5 33. f5 Re5
34. g4 Ne7 35. Nf4 Ra8 36. Nd3 f6 37. Nxe5 fxe5 38. Rf3 Kf7 39. g5 Ng8 40. Ke3
Ke7 41. Ke4 Rf8 42. Rcf1 Kf7 43. h4 h5 44. f6 gxf6 45. gxf6 Re8 46. Kd5 e4 47.
Rf5 e3 48. Kc6 Re6 49. Kxc7 Nxf6 50. Kxb6 d5+ 51. Kxa5 d4 52. Kb4 e2 53. Re1
Ke7 54. Rf3 Ng4 55. c5 Ne5 56. Rg3 d3 57. Kc3 Nd7 58. Rg7+ Kd8 59. Rxd7+ Kxd7
60. Kxd3 Re5 61. c6+ Kc7 62. a4 Rd5+ 63. Kxe2 Rd4 64. Rc1 Rb4 65. Kd3 Rxa4 66.
b6+ Kc8 67. Rf1 1-0

[Event "C.to Italiano Semifinale"]
[Site "Arvier ITA"]
[Date "2009.09.27"]
[Round "2"]
[White "De Santis, Alessio"]
[Black "Piscopo, Pierluigi"]
[Result "0-1"]
[WhiteElo "2309"]
[BlackElo "2432"]
[PlyCount "94"]
[EventDate "2009.09.26"]

1. d4 Nf6 2. c4 c5 3. d5 e6 4. Nc3 exd5 5. cxd5 d6 6. e4 g6 7. Bd3 Bg7 8. Nge2
O-O 9. O-O Na6 10. h3 Re8 11. Bg5 h6 12. Be3 Rb8 13. a4 Nb4 14. Bb1 b6 15. Re1
Nd7 16. Qc1 Ne5 17. Rd1 Qh4 18. f4 Nc4 19. Bf2 Qe7 20. b3 Na5 21. Ra3 Ba6 22.
Ng3 Rbc8 23. e5 c4 24. bxc4 Rxc4 25. Qd2 dxe5 26. d6 Qd7 27. fxe5 Rxe5 28. Nge4
Bb7 29. Bd4 Rxd4 30. Qxd4 Rxe4 31. Qf2 Re6 32. Qf4 Nac6 33. Ne4 Nd4 34. Kh1
Bxe4 35. Bxe4 Qxd6 36. Qxd6 Rxd6 37. Rc3 Rd7 38. Rc4 a5 39. Rc8+ Kh7 40. Rb8
Re7 41. Bb1 Nd5 42. Bd3 Nc3 43. Rf1 Nxa4 44. Bc4 Nf5 45. Rc1 Ng3+ 46. Kg1 Bd4+
47. Kh2 Be5 0-1

[Event "C.to Italiano Semifinale"]
[Site "Arvier ITA"]
[Date "2009.09.27"]
[Round "2"]
[White "Messina, Giuseppe Ottavio"]
[Black "Shytaj, Luca"]
[Result "0-1"]
[WhiteElo "2076"]
[BlackElo "2481"]
[PlyCount "72"]
[EventDate "2009.09.26"]

1. d4 Nf6 2. f4 d5 3. e3 Bf5 4. Nf3 e6 5. Bd3 Be7 6. O-O Ne4 7. c3 Nd7 8. Qe2
h5 9. Nbd2 c6 10. Bb1 Ndf6 11. c4 h4 12. Ne5 Nxd2 13. Bxd2 Ne4 14. Bd3 Bd6 15.
Nf3 Qf6 16. c5 Bc7 17. b4 Qg6 18. Bxe4 Bxe4 19. Rf2 h3 20. g3 f6 21. Bc3 a5 22.
bxa5 Bxa5 23. Bxa5 Rxa5 24. Qe1 Ra3 25. Nd2 O-O 26. Nb1 Rd3 27. Nd2 Re8 28. Nf3
Bxf3 29. Rxf3 Qg4 30. Qe2 Rxd4 31. f5 Rd2 32. Qf1 Rg2+ 33. Kh1 Ra8 34. a4 Ra5
35. Rb1 Rxc5 36. Rxb7 Qxf3 0-1

[Event "C.to Italiano Semifinale"]
[Site "Arvier ITA"]
[Date "2009.09.27"]
[Round "2"]
[White "Ortega, Lexy"]
[Black "Sarno, Spartaco"]
[Result "1/2-1/2"]
[WhiteElo "2437"]
[BlackElo "2324"]
[PlyCount "119"]
[EventDate "2009.09.26"]

1. d4 Nf6 2. Nf3 g6 3. c4 Bg7 4. g3 O-O 5. Bg2 d6 6. O-O Nc6 7. Nc3 e5 8. dxe5
dxe5 9. Qxd8 Rxd8 10. Bg5 Be6 11. Nd2 h6 12. Bxf6 Rxd2 13. Bxg7 Kxg7 14. Bxc6
bxc6 15. b3 Rad8 16. Rfd1 Kf8 17. Kf1 R8d4 18. Rxd2 Rxd2 19. Ke1 Rd8 20. Rd1
Rb8 21. Na4 Ke7 22. Kd2 a5 23. Kc3 g5 24. Nc5 Bf5 25. e4 Bh3 26. Rd2 h5 27. Kb2
f6 28. Ka3 Ra8 29. Ka4 Ra7 30. f3 Ke8 31. b4 axb4+ 32. Kxb4 Ra8 33. a4 Rb8+ 34.
Kc3 Ra8 35. Ra2 Ke7 36. a5 Bc8 37. a6 Kd6 38. Ra5 Ra7 39. Kb4 Ke7 40. Ra2 Bh3
41. Rd2 Bc8 42. Rd1 Ra8 43. Kc3 Ra7 44. Kc2 Ra8 45. Rd3 Ra7 46. Kd2 Ra8 47. h4
g4 48. f4 exf4 49. gxf4 Bxa6 50. Rd7+ Kf8 51. Ne6+ Kg8 52. Nxc7 Ra7 53. Ke3
Bxc4 54. Ne8 Ra3+ 55. Kd4 Bf7 56. Nxf6+ Kf8 57. Nh7+ Ke8 58. Nf6+ Kf8 59. Nh7+
Ke8 60. Nf6+ 1/2-1/2

[Event "C.to Italiano Semifinale"]
[Site "Arvier ITA"]
[Date "2009.09.27"]
[Round "2"]
[White "Rettore, Ludwig"]
[Black "Parrella, Alfredo"]
[Result "1-0"]
[WhiteElo "2175"]
[BlackElo "2089"]
[PlyCount "75"]
[EventDate "2009.09.26"]

1. d4 Nf6 2. Nf3 e6 3. Bg5 c5 4. e3 Be7 5. Bd3 b6 6. O-O Bb7 7. Nbd2 Nc6 8. c3
cxd4 9. exd4 Nd5 10. Ne4 Qc7 11. Bxe7 Kxe7 12. c4 Nf4 13. d5 exd5 14. cxd5 Nxd5
15. Re1 Kf8 16. Bc4 Nce7 17. Rc1 Qf4 18. g3 Qb8 19. Qb3 b5 20. Qxb5 Bc6 21. Qc5
Qb4 22. Qd4 Nb6 23. a3 Qa5 24. Ba2 Nf5 25. Qd3 Bb5 26. Qb3 d5 27. Rc5 a6 28.
Rxd5 Nh6 29. Rf5 Ra7 30. Rc5 Re7 31. Qd1 Rd7 32. Nd6 Rd8 33. Qd4 Nd7 34. Rc8
Rxc8 35. Nxc8 Qd8 36. Qd6+ Kg8 37. Ne7+ Kf8 38. Nc6+ 1-0

[Event "C.to Italiano Semifinale"]
[Site "Arvier ITA"]
[Date "2009.09.27"]
[Round "2"]
[White "Ricci, Marco"]
[Black "Marguerettaz, Davy"]
[Result "0-1"]
[WhiteElo "2128"]
[BlackElo "2049"]
[PlyCount "76"]
[EventDate "2009.09.26"]

1. e4 e5 2. Nf3 Nc6 3. Bb5 Nf6 4. O-O Nxe4 5. d4 a6 6. Bxc6 dxc6 7. Re1 Bf5 8.
g4 Bg6 9. Nxe5 Qh4 10. Qf3 O-O-O 11. Nxg6 hxg6 12. Rxe4 Qxh2+ 13. Kf1 Qh1+ 14.
Qxh1 Rxh1+ 15. Ke2 Rxc1 16. Kd2 Rf1 17. Ke2 Rg1 18. c3 Bd6 19. f3 Rh8 20. Kd3
Rhh1 21. Re8+ Kd7 22. Rb8 b6 23. b4 Rxb1 24. Rxb1 Rxb1 25. Ra8 g5 26. Rxa6 Re1
27. Kd2 Re8 28. a4 Bf4+ 29. Kd3 Re3+ 30. Kc4 Rxf3 31. a5 Bd2 32. d5 b5+ 33. Kd4
Bxc3+ 34. Kc5 cxd5 35. Kxb5 Rf4 36. Kc5 Rxb4 37. Ra8 Ra4 38. a6 Ra5# 0-1

[Event "C.to Italiano Semifinale"]
[Site "Arvier ITA"]
[Date "2009.09.27"]
[Round "2"]
[White "Rombaldoni, Axel"]
[Black "Vespe, Francesco"]
[Result "1-0"]
[WhiteElo "2451"]
[BlackElo "1976"]
[PlyCount "55"]
[EventDate "2009.09.26"]

1. e4 e6 2. d4 d5 3. Nc3 Nf6 4. Bg5 dxe4 5. Nxe4 Be7 6. Ng3 Nbd7 7. Nf3 O-O 8.
Be2 b6 9. O-O Bb7 10. a4 h6 11. Be3 Nd5 12. Bd2 a5 13. Re1 Bd6 14. Qc1 Re8 15.
Bd3 f5 16. c3 N5f6 17. Bc4 Bxg3 18. Rxe6 Bxf2+ 19. Kxf2 Kh7 20. Kg1 Ne4 21.
Bxh6 Rxe6 22. Bxe6 gxh6 23. Bxf5+ Kg7 24. Qf4 Ndf6 25. Re1 Qd5 26. Qxc7+ Kf8
27. Nh4 Re8 28. Bh3 1-0

[Event "C.to Italiano Semifinale"]
[Site "Arvier ITA"]
[Date "2009.09.27"]
[Round "2"]
[White "Rombaldoni, Denis"]
[Black "Vezzosi, Paolo"]
[Result "1/2-1/2"]
[WhiteElo "2469"]
[BlackElo "2381"]
[PlyCount "88"]
[EventDate "2009.09.26"]

1. Nf3 Nf6 2. d4 c5 3. d5 e6 4. Nc3 Nxd5 5. Nxd5 exd5 6. Qxd5 Nc6 7. c3 d6 8.
Ng5 Qe7 9. Bf4 Be6 10. Qd3 O-O-O 11. Nxe6 fxe6 12. e4 g5 13. Bg3 Bg7 14. Be2 h5
15. h3 h4 16. Bh2 Be5 17. O-O Rhf8 18. a4 Bxh2+ 19. Kxh2 Ne5 20. Qe3 Qf6 21.
Rad1 Qf4+ 22. Qxf4 Rxf4 23. f3 Kc7 24. Rd2 Rf7 25. Rfd1 a6 26. b4 Rfd7 27. Rb2
cxb4 28. cxb4 d5 29. Rc1+ Kb8 30. exd5 Rxd5 31. Rcc2 Rc8 32. Rxc8+ Kxc8 33.
Rc2+ Kd7 34. b5 axb5 35. Bxb5+ Nc6 36. Rc4 Kd6 37. f4 gxf4 38. Rxf4 Rd4 39.
Rxd4+ Nxd4 40. g3 Ke5 41. gxh4 Kf4 42. h5 Kg5 43. Be8 b6 44. Kg3 Nb3 1/2-1/2

[Event "C.to Italiano Semifinale"]
[Site "Arvier ITA"]
[Date "2009.09.27"]
[Round "2"]
[White "Scalcione, Michelangelo"]
[Black "Govoni, Fausto"]
[Result "1-0"]
[WhiteElo "2387"]
[BlackElo "2210"]
[PlyCount "105"]
[EventDate "2009.09.26"]

1. Nf3 f5 2. c4 Nf6 3. g3 d6 4. d4 g6 5. b4 Bg7 6. Bb2 O-O 7. Qc2 c6 8. a4 a5
9. b5 Nbd7 10. Nbd2 Qe8 11. Bg2 e5 12. dxe5 dxe5 13. e4 f4 14. Ba3 c5 15. Bh3
h6 16. Bxd7 Nxd7 17. g4 Qe7 18. h3 Nb6 19. Nb3 Nxa4 20. Nc1 Nb6 21. Nd3 Nd7 22.
O-O-O b6 23. Rhe1 Re8 24. Nb2 Nf8 25. Na4 Qc7 26. Rd5 Ne6 27. Bb2 Nd4 28. Bxd4
exd4 29. e5 Re6 30. Nh4 Kh7 31. Nxg6 Rxg6 32. Rd6 Qf7 33. Nxb6 Be6 34. Nxa8 f3
35. Nc7 Qf4+ 36. Qd2 Bxe5 37. Rxe6 Bxc7 38. Re7+ Kg8 39. Re8+ Kh7 40. R1e7+ Rg7
41. Qxf4 Bxf4+ 42. Kd1 Rxe7 43. Rxe7+ Kg6 44. Re4 Bb8 45. b6 Kf7 46. Kc2 a4 47.
Kd3 Kf6 48. Re8 Bd6 49. b7 a3 50. b8=Q Bxb8 51. Rxb8 a2 52. Ra8 a1=B 53. Rxa1
1-0

[Event "C.to Italiano Semifinale"]
[Site "Arvier ITA"]
[Date "2009.09.27"]
[Round "2"]
[White "Sibilio, Mario"]
[Black "Dvirnyy, Danyyil"]
[Result "0-1"]
[WhiteElo "2345"]
[BlackElo "2447"]
[PlyCount "70"]
[EventDate "2009.09.26"]

1. d4 g6 2. e4 c6 3. c4 d5 4. e5 Nh6 5. Nc3 Bg7 6. h3 O-O 7. Nf3 Be6 8. c5 b6
9. cxb6 axb6 10. g4 f6 11. exf6 exf6 12. Bg2 Re8 13. O-O Nf7 14. Bf4 Nd7 15. a4
Bf8 16. Rc1 g5 17. Bh2 f5 18. gxf5 Bxf5 19. Ne2 Qf6 20. Ng3 Bg6 21. Ne1 Bg7 22.
b3 Qxd4 23. Qxd4 Bxd4 24. Rxc6 Nde5 25. Rc7 Rac8 26. Rxc8 Rxc8 27. Ne2 Bc5 28.
Bxe5 Nxe5 29. Bxd5+ Kg7 30. b4 Bxb4 31. f4 Rd8 32. Bb7 Rd2 33. Nf3 Nxf3+ 34.
Bxf3 Bd3 35. Rb1 Bxb1 0-1

[Event "C.to Italiano Semifinale"]
[Site "Arvier ITA"]
[Date "2009.09.27"]
[Round "2"]
[White "Valsecchi, Alessio"]
[Black "Genocchio, Daniele"]
[Result "1/2-1/2"]
[WhiteElo "2361"]
[BlackElo "2455"]
[PlyCount "32"]
[EventDate "2009.09.26"]

1. e4 c5 2. Nf3 Nc6 3. Bb5 e6 4. O-O Nge7 5. c3 d5 6. exd5 Qxd5 7. Re1 a6 8.
Bf1 Ng6 9. Na3 Be7 10. Nc4 Bd8 11. Ne3 Qd7 12. d4 cxd4 13. cxd4 O-O 14. d5 exd5
15. Qxd5 Qxd5 16. Nxd5 Be6 1/2-1/2

[Event "C.to Italiano Semifinale"]
[Site "Arvier ITA"]
[Date "2009.09.28"]
[Round "3"]
[White "Astengo, Marcello"]
[Black "Bentivegna, Francesco"]
[Result "1/2-1/2"]
[WhiteElo "2134"]
[BlackElo "2349"]
[PlyCount "110"]
[EventDate "2009.09.26"]

1. d4 d5 2. c4 Nc6 3. Bf4 f6 4. Nf3 e5 5. dxe5 d4 6. exf6 Nxf6 7. g3 Be6 8.
Nbd2 Qd7 9. Bg2 O-O-O 10. O-O Bh3 11. a3 Bxg2 12. Kxg2 Nh5 13. Bg5 Re8 14. Nb3
h6 15. Bc1 Rd8 16. Qd3 g5 17. Rd1 Bg7 18. Nc5 Qe7 19. Qf5+ Kb8 20. Nxb7 Kxb7
21. Qb5+ Kc8 22. Qxc6 Rd6 23. Qa8+ Kd7 24. Qb7 Rb6 25. Qd5+ Rd6 26. Qb5+ Kc8
27. c5 Rd5 28. Qa6+ Kd8 29. c6 Re8 30. Qxa7 Qd6 31. Bd2 g4 32. Ng1 Qxc6 33.
Rac1 Rc5+ 34. Kf1 Bf8 35. Bxh6 Bd6 36. b4 Rxc1 37. Rxc1 Qd5 38. Rd1 Re4 39.
Qb8+ Kd7 40. Qh8 Qf7 41. Rxd4 Re8 42. Rxd6+ cxd6 43. Qd4 Qg6 44. Bd2 Nf6 45. a4
Ne4 46. Bf4 Rc8 47. Kg2 Nc3 48. f3 d5 49. Bd2 Rc4 50. Qa7+ Rc7 51. Qa8 gxf3+
52. Nxf3 Qe4 53. e3 Nb1 54. Be1 Rc2+ 55. Bf2 Nc3 1/2-1/2

[Event "C.to Italiano Semifinale"]
[Site "Arvier ITA"]
[Date "2009.09.28"]
[Round "3"]
[White "Codenotti, Marco"]
[Black "Martorelli, Antonio"]
[Result "1/2-1/2"]
[WhiteElo "2122"]
[BlackElo "2228"]
[PlyCount "55"]
[EventDate "2009.09.26"]

1. e4 d5 2. exd5 Qxd5 3. Nc3 Qa5 4. d4 Nf6 5. Nf3 Bf5 6. Bd2 c6 7. Bc4 e6 8.
Nd5 Qd8 9. Nxf6+ gxf6 10. Qe2 Nd7 11. O-O-O Qc7 12. Nh4 Bg6 13. f4 O-O-O 14. g4
Nb6 15. f5 exf5 16. Nxf5 Nxc4 17. Qxc4 Qd7 18. Ba5 Qd5 19. Qa4 Re8 20. Rhe1 Bd6
21. Nxd6+ Qxd6 22. Bb4 Qxh2 23. d5 Rxe1 24. Rxe1 cxd5 25. Re8+ Rxe8 26. Qxe8+
Kc7 27. Qe7+ Kc8 28. Qe8+ 1/2-1/2

[Event "C.to Italiano Semifinale"]
[Site "Arvier ITA"]
[Date "2009.09.28"]
[Round "3"]
[White "Genocchio, Daniele"]
[Black "Contin, Daniel"]
[Result "1-0"]
[WhiteElo "2455"]
[BlackElo "2291"]
[PlyCount "125"]
[EventDate "2009.09.26"]

1. e4 c6 2. Nc3 d5 3. Nf3 Bg4 4. h3 Bxf3 5. Qxf3 e6 6. d3 Nf6 7. Be2 Qb6 8. Qg3
h5 9. h4 Nbd7 10. O-O g6 11. a4 d4 12. a5 Qa6 13. e5 Ng4 14. Ne4 Ngxe5 15. Nf6+
Kd8 16. Nxd7 Nxd7 17. Qf4 Qb5 18. a6 b6 19. Bf3 Rh7 20. Qxd4 Rc8 21. Re1 e5 22.
Bg5+ Kc7 23. Qe4 f5 24. Qe2 Qxb2 25. Reb1 Qc3 26. Ra4 b5 27. Bd2 Qc5 28. Ba5+
Nb6 29. Rab4 Bd6 30. c4 e4 31. dxe4 Qe5 32. g3 Bxb4 33. Bxb4 Nxc4 34. Qc2 Rf7
35. Bc3 Qc5 36. Bb4 Qe5 37. exf5 Rxf5 38. Re1 Qf6 39. Be4 Re8 40. Rd1 Rxf2 41.
Qd3 Rd8 42. Qxd8+ Qxd8 43. Rxd8 Rb2 44. Be7 Re2 45. Rd4 Kb6 46. Bd8+ Kc5 47.
Bf6 Nd2 48. Bg2 b4 49. Rd7 Kb6 50. Rb7+ Kxa6 51. Rxb4 c5 52. Rb2 c4 53. Bb7+
Ka5 54. Bc3+ Ka4 55. Bxd2 Ka3 56. Bf3 Kxb2 57. Bxe2 c3 58. Be3 a5 59. Bd3 a4
60. Bxg6 a3 61. Bf7 a2 62. Bxa2 Kxa2 63. g4 1-0

[Event "C.to Italiano Semifinale"]
[Site "Arvier ITA"]
[Date "2009.09.28"]
[Round "3"]
[White "Govoni, Fausto"]
[Black "Sibilio, Mario"]
[Result "0-1"]
[WhiteElo "2210"]
[BlackElo "2345"]
[PlyCount "88"]
[EventDate "2009.09.26"]

1. e4 d6 2. d4 g6 3. Nc3 a6 4. Be3 b5 5. Qd2 Bb7 6. f3 Nd7 7. a4 bxa4 8. Nxa4
e6 9. Bd3 Ngf6 10. Ne2 h6 11. O-O Bg7 12. Ra2 g5 13. Ng3 g4 14. f4 h5 15. e5
Nd5 16. c4 Nxe3 17. Qxe3 c5 18. dxc5 dxe5 19. Be4 h4 20. Bxb7 hxg3 21. Qxg3 f5
22. Rd1 Ra7 23. c6 Rxb7 24. cxb7 Qc7 25. Qb3 exf4 26. c5 Kf7 27. Rd6 Nxc5 28.
Qb6 Qxb6 29. Nxb6 Be5 30. Rd1 f3 31. g3 Bc7 32. Nc4 Kf6 33. b4 Ne4 34. Rxa6 f4
35. Nd2 Nc3 36. Rc6 Ne2+ 37. Kf1 Rxh2 38. Ne4+ Ke5 39. Rxc7 Kxe4 40. Rc4+ Ke3
41. Rc3+ Nxc3 42. Kg1 fxg3 43. b8=Q Ne2+ 44. Kf1 Rh1# 0-1

[Event "C.to Italiano Semifinale"]
[Site "Arvier ITA"]
[Date "2009.09.28"]
[Round "3"]
[White "Marguerettaz, Davy"]
[Black "De Santis, Alessio"]
[Result "0-1"]
[WhiteElo "2049"]
[BlackElo "2309"]
[PlyCount "70"]
[EventDate "2009.09.26"]

1. e4 b6 2. d4 Bb7 3. Bd3 g6 4. Nf3 Bg7 5. O-O d6 6. Qe2 e6 7. c3 Ne7 8. Be3
Nd7 9. Nbd2 a6 10. h3 h6 11. Nh2 O-O 12. f4 f5 13. e5 d5 14. b3 a5 15. a4 Rf7
16. Nhf3 Bf8 17. Rfb1 Qc8 18. b4 axb4 19. cxb4 Nc6 20. b5 Na5 21. Kh2 c5 22.
bxc6 Bxc6 23. Rg1 Kh7 24. g4 Be7 25. Rg3 Nf8 26. Rag1 Bxa4 27. Qg2 Rg7 28. h4
Nc4 29. Nxc4 dxc4 30. Bb1 Bc6 31. h5 Ra3 32. hxg6+ Kg8 33. gxf5 exf5 34. Rh3
Rxe3 35. Ba2 b5 0-1

[Event "C.to Italiano Semifinale"]
[Site "Arvier ITA"]
[Date "2009.09.28"]
[Round "3"]
[White "Molina, Fabrizio"]
[Black "Rota, Simone"]
[Result "1-0"]
[WhiteElo "2239"]
[BlackElo "2025"]
[PlyCount "95"]
[EventDate "2009.09.26"]

1. d4 d5 2. c4 e6 3. Nf3 c6 4. g3 Nf6 5. Bg2 Bd6 6. O-O O-O 7. Qc2 b6 8. Nbd2
Bb7 9. e4 dxe4 10. Nxe4 Be7 11. Rd1 Qc8 12. Bg5 Nbd7 13. Ne5 Re8 14. Bxf6 gxf6
15. Nxf7 Kxf7 16. Nd6+ Bxd6 17. Qxh7+ Kf8 18. Bf3 Nb8 19. d5 Qc7 20. Qh8+ Ke7
21. Qg7+ Kd8 22. Qxf6+ Qe7 23. Qc3 cxd5 24. cxd5 e5 25. Bg4 Nd7 26. a3 Rc8 27.
Qd3 Rc7 28. b4 Nf6 29. Be6 a6 30. Re1 Rh8 31. f4 e4 32. Qd4 Bc5 33. bxc5 Qxc5
34. Rad1 Qxd4+ 35. Rxd4 Rc2 36. h3 Bc8 37. Re3 Bxe6 38. dxe6+ Ke7 39. g4 Kxe6
40. g5 Nh5 41. Rexe4+ Kf5 42. Re5+ Kg6 43. Rd6+ Kg7 44. Re7+ Kf8 45. Ra7 Ng7
46. Rf6+ Kg8 47. Ra8+ Kh7 48. g6+ 1-0

[Event "C.to Italiano Semifinale"]
[Site "Arvier ITA"]
[Date "2009.09.28"]
[Round "3"]
[White "Pepino, Enrico"]
[Black "Ricci, Marco"]
[Result "1/2-1/2"]
[WhiteElo "2128"]
[BlackElo "2128"]
[PlyCount "20"]
[EventDate "2009.09.26"]

1. e4 e6 2. d4 d5 3. Nd2 Nf6 4. e5 Nfd7 5. Bd3 c5 6. c3 Nc6 7. Ngf3 Qb6 8. O-O
cxd4 9. cxd4 Nxd4 10. Nxd4 Qxd4 1/2-1/2

[Event "C.to Italiano Semifinale"]
[Site "Arvier ITA"]
[Date "2009.09.28"]
[Round "3"]
[White "Piscopo, Pierluigi"]
[Black "Rombaldoni, Denis"]
[Result "1/2-1/2"]
[WhiteElo "2432"]
[BlackElo "2469"]
[PlyCount "165"]
[EventDate "2009.09.26"]

1. e4 c6 2. d4 d5 3. exd5 cxd5 4. Bd3 Nc6 5. c3 Qc7 6. Na3 a6 7. Nc2 Nf6 8. Ne3
e5 9. dxe5 Nxe5 10. Nf3 Be6 11. O-O Bd6 12. Nxe5 Bxe5 13. f4 Bd6 14. Kh1 O-O-O
15. Nf5 Bxf5 16. Bxf5+ Kb8 17. Be3 Bc5 18. Bd4 Bxd4 19. Qxd4 Rhe8 20. Bd3 Qe7
21. Rad1 h5 22. Qb4 Qxb4 23. cxb4 Ng4 24. Rd2 h4 25. h3 Nf6 26. Kg1 Nh5 27. f5
Re5 28. b5 axb5 29. Bxb5 d4 30. a4 Ng3 31. Rf4 Re1+ 32. Kf2 Re4 33. Kf3 Re3+
34. Kg4 Ne4 35. Rd3 Nf6+ 36. Kg5 Re2 37. Rfxd4 Rxg2+ 38. Kf4 Nh5+ 39. Kf3 Rg3+
40. Kf2 Rxd4 41. Rxd4 Rxh3 42. Kg2 Rg3+ 43. Kh2 Rf3 44. Rxh4 Rxf5 45. b4 Nf6
46. Bc4 Nd7 47. Kg2 Ne5 48. Be2 Kc7 49. a5 g5 50. Rd4 Nc6 51. Rc4 Kd6 52. Rg4
Re5 53. Kf2 f6 54. a6 b5 55. Rg1 Kc7 56. Bf3 Kb6 57. Ra1 Re8 58. Bxc6 Kxc6 59.
a7 Kb7 60. Ra5 Ka8 61. Rxb5 Re5 62. Rb6 Rf5+ 63. Kg3 Kxa7 64. Re6 Kb7 65. Kg4
Rf4+ 66. Kg3 Kc7 67. Ra6 Kd7 68. b5 Ke7 69. Rc6 Kd7 70. Ra6 Rf1 71. Kg4 Rf2 72.
Ra4 Ke6 73. Rb4 Rh2 74. Rb1 Rh4+ 75. Kg3 Rh7 76. b6 Rb7 77. Kg4 Ke5 78. Rb2 Ke4
79. Rb1 Kd4 80. Kf5 Kc5 81. Kxf6 Rxb6+ 82. Rxb6 Kxb6 83. Kxg5 1/2-1/2

[Event "C.to Italiano Semifinale"]
[Site "Arvier ITA"]
[Date "2009.09.28"]
[Round "3"]
[White "Rettore, Ludwig"]
[Black "Pompilio, Gaetano"]
[Result "1-0"]
[WhiteElo "2175"]
[BlackElo "1927"]
[PlyCount "77"]
[EventDate "2009.09.26"]

1. d4 b6 2. e4 Bb7 3. Bd3 e6 4. Nf3 Nf6 5. Qe2 d5 6. e5 Ne4 7. Nbd2 Nxd2 8.
Bxd2 Be7 9. O-O c5 10. c3 Nc6 11. Rae1 O-O 12. h3 cxd4 13. Nxd4 Nxd4 14. cxd4
Qd7 15. Qg4 Rfe8 16. Bh6 g6 17. h4 Bf8 18. Bxf8 h5 19. Qg5 Rxf8 20. Re3 Kg7 21.
Rg3 Qd8 22. Qf4 Qe7 23. Rg5 a5 24. Rc1 Rfc8 25. Re1 Ba6 26. Bb1 Rh8 27. Re3
Rac8 28. Reg3 Rh6 29. Kh2 Rf8 30. a3 f5 31. exf6+ Rxf6 32. Qe5 Kf7 33. Rc3 Bb5
34. Rc7 Bd7 35. Bd3 Rh8 36. Bxg6+ Rxg6 37. Qxh8 Rxg5 38. hxg5 Kg6 39. Qh6+ 1-0

[Event "C.to Italiano Semifinale"]
[Site "Arvier ITA"]
[Date "2009.09.28"]
[Round "3"]
[White "Sarno, Spartaco"]
[Black "Rombaldoni, Axel"]
[Result "0-1"]
[WhiteElo "2324"]
[BlackElo "2451"]
[PlyCount "60"]
[EventDate "2009.09.26"]

1. c4 Nf6 2. d4 g6 3. Nc3 d5 4. Nf3 Bg7 5. cxd5 Nxd5 6. e4 Nxc3 7. bxc3 c5 8.
Rb1 O-O 9. Be2 Qa5 10. Qd2 Nd7 11. O-O a6 12. e5 Rd8 13. Qb2 b5 14. a4 bxa4 15.
Bg5 Re8 16. e6 fxe6 17. Bc4 cxd4 18. Bxe6+ Kh8 19. cxd4 Ne5 20. Nxe5 Bxe6 21.
Qa3 Rac8 22. Rb4 Rc2 23. Rxa4 Qb5 24. Rb4 Qe2 25. Qg3 Rb2 26. Bxe7 Rd2 27. Qf3
Bxe5 28. Bf6+ Bxf6 29. Qxf6+ Kg8 30. h3 Qxf1+ 0-1

[Event "C.to Italiano Semifinale"]
[Site "Arvier ITA"]
[Date "2009.09.28"]
[Round "3"]
[White "Shytaj, Luca"]
[Black "Valsecchi, Alessio"]
[Result "1/2-1/2"]
[WhiteElo "2481"]
[BlackElo "2361"]
[PlyCount "85"]
[EventDate "2009.09.26"]

1. e4 c5 2. Nf3 Nc6 3. d4 cxd4 4. Nxd4 g6 5. c4 Bg7 6. Nc2 Nf6 7. Nc3 O-O 8.
Be2 d6 9. O-O Nd7 10. Bd2 a5 11. Na3 Nc5 12. Nab5 Be6 13. Be3 a4 14. Qd2 Ne5
15. Na3 Qa5 16. f4 Ng4 17. Bxg4 Bxg4 18. h3 Bd7 19. Qc2 Bxc3 20. bxc3 Bc6 21.
e5 Be4 22. Qd2 dxe5 23. fxe5 Ne6 24. Nb5 Rad8 25. Qf2 Qa6 26. Bh6 Ng7 27. Qf4
Bf5 28. Nd4 Be6 29. Nxe6 Qxe6 30. Rad1 Rc8 31. Rd5 b5 32. Rxb5 Rxc4 33. Qf3
Rfc8 34. g4 Rxc3 35. Qg2 Qc4 36. Rb7 Qd4+ 37. Qf2 Qxf2+ 38. Rxf2 R3c7 39. Rfb2
f6 40. Rxc7 Rxc7 41. exf6 exf6 42. Rb4 g5 43. Bxg7 1/2-1/2

[Event "C.to Italiano Semifinale"]
[Site "Arvier ITA"]
[Date "2009.09.28"]
[Round "3"]
[White "Vespe, Francesco"]
[Black "Messina, Giuseppe Ottavio"]
[Result "0-1"]
[WhiteElo "1976"]
[BlackElo "2076"]
[PlyCount "120"]
[EventDate "2009.09.26"]

1. d4 d5 2. c4 Bf5 3. Nc3 e6 4. Qb3 Nc6 5. cxd5 exd5 6. Qxd5 Qxd5 7. Nxd5 O-O-O
8. Ne3 Bb4+ 9. Bd2 Bxd2+ 10. Kxd2 Nxd4 11. Nxf5 Nxf5+ 12. Ke1 Nf6 13. e3 Rhe8
14. Bc4 Re7 15. Nf3 Ng4 16. Bb3 c5 17. h3 Nf6 18. Rc1 b6 19. Ke2 Kb7 20. Rhd1
Nd4+ 21. Nxd4 Rxd4 22. Kf3 Rxd1 23. Rxd1 b5 24. Bd5+ Kb6 25. Ke2 c4 26. Bf3 Kc5
27. Kd2 Nd7 28. Kc2 Nb6 29. Rd4 f5 30. b3 g6 31. a3 a5 32. Be2 g5 33. bxc4 bxc4
34. g3 Kb5 35. Kc3 Rc7 36. Bd1 Kc5 37. Be2 Nd5+ 38. Kc2 Nb6 39. Kc3 Na4+ 40.
Kc2 Nb6 41. Kc3 Kb5 42. Bd1 Rc5 43. Bf3 Ka4 44. Rd6 Kb5 45. Rd1 Rc7 46. Rb1+
Kc5 47. Rd1 Rc8 48. Rd4 h6 49. Be2 Kb5 50. Bd1 Kc5 51. Bf3 Na4+ 52. Kc2 Nb6 53.
Kc3 Rb8 54. Be2 Na4+ 55. Kc2 Rb2+ 56. Kc1 Rxe2 57. f4 Rxe3 58. Rd8 Rxg3 59.
Rc8+ Kd4 60. fxg5 hxg5 0-1